El Español (Record no. 1120)
[ view plain ]
| 000 -LEADER | |
|---|---|
| campo de control de longitud fija | 01386nas a2200301 i 4500 |
| 001 - NÚMERO DE CONTROL | |
| campo de control | 1120 |
| 003 - IDENTIFICADOR DE NÚMERO DE CONTROL | |
| campo de control | ES-MaACL |
| 005 - FECHA Y HORA DE LA ÚLTIMA TRANSACCIÓN | |
| campo de control | 20250925162402.0 |
| 008 - DATOS DE LONGITUD FIJA--INFORMACIÓN GENERAL | |
| campo de control de longitud fija | 950801b19421968sp wr p| 0 1 |spa d |
| 022 ## - NÚMERO INTERNACIONAL NORMALIZADO PARA PUBLICACIONES SERIADAS | |
| Número Internacional Normalizado para Publicaciones Seriadas | 0425-2764 |
| 080 ## - NÚMERO DE LA CLASIFICACIÓN DECIMAL UNIVERSAL | |
| Número de la Clasificación Decimal Universal | 07 |
| 080 ## - NÚMERO DE LA CLASIFICACIÓN DECIMAL UNIVERSAL | |
| Número de la Clasificación Decimal Universal | (051) |
| 245 03 - MENCIÓN DEL TÍTULO | |
| Título | El Español |
| Resto del título | : semanario de la política y del espíritu. |
| 246 3# - FORMA VARIANTE DEL TITULO | |
| Texto de visualización | Subtít. posterior |
| Resto del título | : semanario de los españoles para todos los españoles |
| 260 ## - PUBLICACIÓN, DISTRIBUCIÓN, ETC. | |
| Lugar de publicación, distribución, etc. | Madrid : |
| Nombre del editor, distribuidor, etc. | [Delegación Nacional de Prensa], |
| Fecha de publicación, distribución, etc. | 1942-1968. |
| 300 ## - DESCRIPCIÓN FÍSICA | |
| Extensión | 21 v. : |
| Otras características físicas | il. ; |
| Dimensiones | 60 cm. |
| 310 ## - PERIODICIDAD ACTUAL | |
| Periodicidad actual | Semanal |
| 362 0# - FECHAS DE PUBLICACIÓN Y/O DESIGNACIÓN SECUENCIAL | |
| Fecha de publicación y/o designación secuencial | Año 1, n. 1 (extraord.) (31 oct. 1942) - nueva etapa, año 3, n. 87 (15 jun. 1968) |
| 515 ## - NOTA DE PECULIARIDADES DE LA NUMERACIÓN | |
| Nota de peculiaridades de la numeración | La publicación tiene una 1ª época: n. 1 (31 oct. 1942)-n. 236 (mayo 1947); una 2ª época: n. 237 (jun. 1953)-n. 714 (5/10 ag. 1962); una nueva época: n. 1 (20 oct. 1962)-n. 181 (2 abril 1966); y una nueva etapa: n. 1 (oct. 1966)-n. 87 (15 jun. 1968) |
| 555 ## - NOTA DE ÍNDICE ACUMULATIVO U OTROS INSTRUMENTOS BIBLIOGRÁFICOS | |
| Nota de índice acumulativo u otros instrumentos bibliográficos | de los n. 1-52 (1942-1943), 1 v.; n. 53-104 (1943-1944), 1 v. |
| 650 14 - PUNTO DE ACCESO ADICIONAL DE MATERIA--TÉRMINO DE MATERIA | |
| Término de materia o nombre geográfico como elemento de entrada | Periódicos |
| 9 (RLIN) | 15941 |
| 700 1# - ENTRADA AGREGADA--NOMBRE PERSONAL | |
| Nombre de persona | Aparicio, Juan, |
| Fechas asociadas al nombre | 1906- |
| 9 (RLIN) | 22051 |
| 710 2# - ENTRADA AGREGADA--NOMBRE DE ENTIDAD CORPORATIVA | |
| Nombre de entidad corporativa o nombre de jurisdicción como elemento de entrada | Movimiento Nacional (España). |
| Unidad subordinada | Delegación Nacional de Prensa, Propaganda y Radio. |
| 9 (RLIN) | 5783 |
| 852 ## - LOCALIZACIÓN | |
| Ubicación | ES-MaACL |
| Número de control de estantería | HEM-GF-20 |
| Signatura antigua | Olim: Hem-1644 |
| 866 #0 - MENCIÓN TEXTUAL DE FONDOS--UNIDAD BIBLIOGRÁFICA BÁSICA | |
| Fondos | 1942-46(1947),1963-64(1965f.n.160)1966.(1967-68) |
| 942 ## - ELEMENTOS DE ENTRADA SECUNDARIOS (KOHA) | |
| Fuente del sistema de clasificación o colocación | Clasificación decimal universal |
| Tipo de ítem Koha | Periódico |
| Estatus retirado | Estado de pérdida | Fuente del sistema de clasificación o colocación | Estado de daño | No para préstamo | Colección | Biblioteca de origen | Biblioteca actual | Ubicación en estantería | Fecha de adquisición | Total de préstamos | Signatura topográfica completa | Código de barras | Visto por última vez | Precio de reemplazo | Tipo de ítem Koha |
|---|---|---|---|---|---|---|---|---|---|---|---|---|---|---|---|
| Clasificación decimal universal | Periódicos y Revistas | Biblioteca del Ateneo de Madrid | Biblioteca del Ateneo de Madrid | Depósito 1 | 17/01/2008 | HEM-GF-20 | 1001142 | 23/02/2023 | 23/02/2023 | Periódico |
